Сб. 39; Книга. Исследования и материалы

التفاصيل البيبلوغرافية
Parent link:Книга. Исследования и материалы=The Book. Researches and Materials: сборник/ Всесоюзная книжная палата (ВКП) ; гл. ред. Н. М. Сикорский. Сб. 39.— , 1959-2005
اللغة:الروسية
منشور في: 1979
الموضوعات:
التنسيق: كتاب
KOHA link:https://koha.lib.tpu.ru/cgi-bin/koha/opac-detail.pl?biblionumber=325911

MARC

LEADER 00000nam2a2200000 4500
001 325911
005 20231102003816.0
035 |a (RuTPU)RU\TPU\book\351527 
035 |a RU\TPU\book\318900 
090 |a 325911 
100 |a 20161214d1979 km y0rusy50 ca 
101 0 |a rus 
102 |a RU 
105 |a a z 001zd 
200 0 |a Сб. 39 
210 |d 1979 
215 |a 247 с.  |c ил. 
320 |a Библиография в ссылках 
461 1 |0 (RuTPU)RU\TPU\book\62606  |t Книга. Исследования и материалы  |l The Book. Researches and Materials  |o сборник  |f Всесоюзная книжная палата (ВКП) ; гл. ред. Н. М. Сикорский  |v Сб. 39  |d 1959-2005 
600 1 |a Вернадский  |g Владимир Иванович  |b В. И.  |c российский учёный  |c естествоиспытатель, мыслитель и общественный деятель  |f 1863-1945  |2 stltpush  |3 (RuTPU)RU\TPU\pers\417 
600 1 |a Фурманов  |b Д. А.  |f 1891-1926  |g Дмитрий Андреевич  |c русский писатель  |2 stltpush  |3 (RuTPU)RU\TPU\pers\3633 
600 0 |a Вольтер  |c настоящие имя и фамилия Аруэ Мари Франсуа  |c французский писатель  |c философ-просветитель  |f 1694-1778  |g Франсуа Мари де  |2 stltpush  |3 (RuTPU)RU\TPU\pers\89  |9 53 
600 1 |a Смирдин  |b А. Ф.  |c российский издатель  |c книгопродавец  |f 1795-1857  |g Александр Филлипович  |c типограф  |2 stltpush  |3 (RuTPU)RU\TPU\pers\8266 
600 1 |a Венгеров  |b С. А.  |c российский историк литературы и общественной мысли  |c библиограф  |f 1855-1920  |g Семен Афанасьевич  |2 stltpush  |3 (RuTPU)RU\TPU\pers\13550  |9 4173 
606 1 |a Книга  |2 stltpush  |3 (RuTPU)RU\TPU\subj\14561  |9 40933 
610 1 |a книгоиздательство 
610 1 |a СССР 
610 1 |a печатная продукция 
610 1 |a статистический учет 
610 1 |a редактирование 
610 1 |a художественные тексты 
610 1 |a оформление книги 
610 1 |a книжное искусство 
610 1 |a история книги 
610 1 |a книгоиздательское дело 
610 1 |a издательские марки 
610 1 |a историография 
610 1 |a публикации 
610 1 |a сообщения 
610 1 |a рецензии 
686 |a Ч611  |v LBC/SL-A  |2 rubbk 
801 1 |a RU  |b 63413507  |c 20150506 
801 2 |a RU  |b 63413507  |c 20171018  |g RCR 
942 |c BK